[Event "Curitiba Parana-ch"]
[Site "Curitiba"]
[Date "2016.01.27"]
[Round "2"]
[White "Choma, Ernani Francisco"]
[Black "Hirota da Silva, Nilton Jose"]
[Result "1-0"]
[WhiteElo "2383"]
[BlackElo "1970"]
[PlyCount "119"]
[EventDate "2016.01.26"]
[EventType "swiss"]
[EventRounds "8"]
[EventCountry "BRA"]
[SourceTitle "CBM 170 Extra"]
[Source "ChessBase"]
[SourceDate "2016.02.25"]
[SourceVersion "1"]
[SourceVersionDate "2016.02.25"]
[SourceQuality "1"]

1. Nf3 Nf6 2. c4 d6 3. d4 Nbd7 4. Nc3 e5 5. g3 c6 6. e4 Be7 7. Bg2 0-0 8. 0-0 Re8 9. h3 Bf8 10. Re1 Rb8 11. Be3 a6 12. d5 c5 13. a4 h6 14. Nd2 Nh7 15. Bf1 Be7 16. Bd3 Ndf8 17. Kh2 Ng5 18. h4 Ngh7 19. Nf1 Nf6 20. Bd2 Qd7 21. Kg1 Ng6 22. Ne3 Qd8 23. h5 Nf8 24. f4 N8h7 25. Qf3 Bd7 26. Rf1 Qc8 27. Be2 Kh8 28. Rf2 Rg8 29. Kh1 Qe8 30. fxe5 dxe5 31. Nf5 Bxf5 32. Qxf5 Qd8 33. Raf1 Bd6 34. Qh3 Qc8 35. Qh2 Ng4 36. Bxg4 Qxg4 37. Rxf7 Rgf8 38. Qh4 Qxh4+ 39. gxh4 Nf6 40. Rxf8+ Rxf8 41. Rf5 Kh7 42. Kg2 Re8 43. a5 Bc7 44. Na4 Nxe4 45. Be1 Bd6 46. Rf7 Be7 47. Rf3 Nf6 48. Rb3 Rb8 49. Bf2 Ne4 50. Be1 Nf6 51. Bg3 Bd6 52. Rb6 Bc7 53. Re6 Bxa5 54. Bxe5 Rc8 55. Bxf6 gxf6 56. Re7+ Kg8 57. Rxb7 Bb4 58. Nb6 Re8 59. Kf3 Re1 60. d6 1-0

[Event "BRA-ch 82nd"]
[Site "Rio de Janeiro"]
[Date "2016.01.13"]
[Round "6"]
[White "Limp, Eduardo Thelio"]
[Black "Choma, Ernani Francisco"]
[Result "1-0"]
[WhiteElo "2385"]
[BlackElo "2383"]
[PlyCount "107"]
[EventDate "2016.01.09"]
[EventType "tourn"]
[EventRounds "9"]
[EventCountry "BRA"]
[SourceTitle "CBM 170 Extra"]
[Source "ChessBase"]
[SourceDate "2016.02.25"]
[SourceVersion "1"]
[SourceVersionDate "2016.02.25"]
[SourceQuality "1"]

1. Nf3 Nf6 2. d4 g6 3. c3 Bg7 4. Qc2 0-0 5. e4 d6 6. Be2 c5 7. dxc5 dxc5 8. Nbd2 Qc7 9. 0-0 Nc6 10. a4 Ng4 11. g3 Rd8 12. Nc4 h6 13. Re1 e5 14. Bf1 b6 15. h3 Nf6 16. Ne3 Bb7 17. Nd2 Rac8 18. Bg2 a6 19. Nd5 Nxd5 20. exd5 Ne7 21. c4 Nf5 22. Nf3 Nd4 23. Qd1 b5 24. axb5 axb5 25. Bd2 Qd6 26. b3 f5 27. Ra7 Qb6 28. Ra2 Qd6 29. Bc3 Ra8 30. Rxa8 Rxa8 31. Nh4 e4 32. Bxe4 fxe4 33. Rxe4 Rf8 34. Qg4 Nf3+ 35. Nxf3 Bc8 36. Re6 Bxe6 37. Qxg6 Qe7 38. Bxg7 Qxg7 39. Qxe6+ Kh8 40. Kg2 bxc4 41. bxc4 Rf6 42. Qe8+ Kh7 43. Qe4+ Kh8 44. Ne5 Qa7 45. Ng4 Rb6 46. Qe5+ Kg8 47. Nf6+ Kf7 48. Ne4 Rb1 49. Qf5+ Kg7 50. Nxc5 Qa1 51. Ne6+ Kh8 52. h4 h5 53. Qf8+ Kh7 54. Ng5+ 1-0

[Event "BRA-ch 82nd"]
[Site "Rio de Janeiro"]
[Date "2016.01.12"]
[Round "4"]
[White "Barbosa, Evandro Amorim"]
[Black "Choma, Ernani Francisco"]
[Result "1/2-1/2"]
[WhiteElo "2461"]
[BlackElo "2383"]
[PlyCount "52"]
[EventDate "2016.01.09"]
[EventType "tourn"]
[EventRounds "9"]
[EventCountry "BRA"]
[SourceTitle "CBM 170 Extra"]
[Source "ChessBase"]
[SourceDate "2016.02.25"]
[SourceVersion "1"]
[SourceVersionDate "2016.02.25"]
[SourceQuality "1"]

1. e4 c5 2. Nf3 Nc6 3. Bb5 g6 4. 0-0 Bg7 5. c3 Nf6 6. e5 Nd5 7. d4 cxd4 8. cxd4 0-0 9. Nc3 Nxc3 10. bxc3 d6 11. exd6 Qxd6 12. a4 Be6 13. Ba3 Qc7 14. Re1 a6 15. Bd3 Na5 16. Rb1 Qxc3 17. Bxe7 Rfe8 18. Bb4 Qc7 19. Rc1 Nc6 20. Be4 Qd7 21. Bxc6 bxc6 22. Ne5 Bxe5 23. Rxe5 Bd5 24. h3 f6 25. Rxe8+ Rxe8 26. Qd2 Qe6 1/2-1/2

[Event "BRA-ch 82nd"]
[Site "Rio de Janeiro"]
[Date "2016.01.09"]
[Round "1"]
[White "Choma, Ernani Francisco"]
[Black "Santiago, Yago de Moura"]
[Result "1-0"]
[WhiteElo "2383"]
[BlackElo "2422"]
[PlyCount "69"]
[EventDate "2016.01.09"]
[EventType "tourn"]
[EventRounds "9"]
[EventCountry "BRA"]
[SourceTitle "CBM 170 Extra"]
[Source "ChessBase"]
[SourceDate "2016.02.25"]
[SourceVersion "1"]
[SourceVersionDate "2016.02.25"]
[SourceQuality "1"]

1. Nf3 g6 2. d4 Bg7 3. c4 Nf6 4. b4 0-0 5. Bb2 d5 6. e3 b6 7. Nc3 c5 8. dxc5 bxc5 9. Nxd5 Nxd5 10. Bxg7 Nxe3 11. fxe3 Kxg7 12. Qxd8 Rxd8 13. b5 Nd7 14. a4 a5 15. Nd2 Nb6 16. Be2 Be6 17. Rf1 f5 18. Rf2 Bg8 19. Bf1 e5 20. g3 e4 21. h3 Be6 22. Be2 h5 23. h4 Kh6 24. Rh2 Rd6 25. Bf1 Nd7 26. Nb3 Ne5 27. Rc2 Rad8 28. Nxa5 Ng4 29. Nb7 Nxe3 30. Rcc1 Nxf1 31. Kxf1 f4 32. Nxd6 Bh3+ 33. Ke1 Rxd6 34. gxf4 e3 35. Ke2 1-0

[Event "Blumenau Region-ch sf"]
[Site "Blumenau"]
[Date "2015.10.31"]
[Round "4"]
[White "Choma, Ernani Francisco"]
[Black "Santos, Marcus Vinicius M"]
[Result "0-1"]
[WhiteElo "2370"]
[BlackElo "2357"]
[PlyCount "64"]
[EventDate "2015.10.30"]
[EventType "swiss"]
[EventRounds "7"]
[EventCountry "BRA"]
[SourceTitle "CBM 169 Extra"]
[Source "ChessBase"]
[SourceDate "2015.12.18"]
[SourceVersion "1"]
[SourceVersionDate "2015.12.18"]
[SourceQuality "1"]

1. Nf3 g6 2. c4 Bg7 3. d4 d6 4. g3 Nd7 5. Bg2 e5 6. e4 exd4 7. Nxd4 Ne7 8. Nc3 0-0 9. h3 Nc6 10. Nde2 a5 11. 0-0 Nc5 12. Be3 Be6 13. b3 a4 14. Rc1 axb3 15. axb3 Nb4 16. Nd4 Bd7 17. Rb1 Re8 18. Qd2 Ncd3 19. Ra1 Rxa1 20. Rxa1 c5 21. Nde2 b5 22. Nf4 bxc4 23. bxc4 Nxf4 24. Bxf4 Be6 25. Bf1 Nc6 26. Ra3 Nd4 27. Nb5 Be5 28. Nxd4 cxd4 29. Bxe5 dxe5 30. Ra5 d3 31. Ra3 Bxc4 32. Qc3 d2 0-1

[Event "Matinhos Caioba op"]
[Site "Matinhos"]
[Date "2015.08.16"]
[Round "6"]
[White "Choma, Ernani Francisco"]
[Black "Matsuura, Frederico"]
[Result "1/2-1/2"]
[WhiteElo "2347"]
[BlackElo "2307"]
[PlyCount "32"]
[EventDate "2015.08.14"]
[EventType "swiss"]
[EventRounds "6"]
[EventCountry "BRA"]
[SourceTitle "EXT 2016"]
[Source "ChessBase"]
[SourceDate "2015.10.08"]
[SourceVersion "1"]
[SourceVersionDate "2015.10.08"]
[SourceQuality "1"]

1. c4 Nf6 2. g3 c6 3. Bg2 d5 4. Nf3 Bg4 5. Ne5 Bh5 6. cxd5 cxd5 7. Qa4+ Nbd7 8. Nc3 e6 9. g4 Bg6 10. h4 h6 11. Nxg6 fxg6 12. g5 hxg5 13. hxg5 Rxh1+ 14. Bxh1 Nh5 15. d3 Qb6 16. Qb5 Bc5 1/2-1/2

[Event "Curitiba Sul Regional-ch"]
[Site "Curitiba"]
[Date "2015.07.12"]
[Round "5"]
[White "Borges, Guilherme Deola"]
[Black "Choma, Ernani Francisco"]
[Result "0-1"]
[WhiteElo "2072"]
[BlackElo "2345"]
[PlyCount "78"]
[EventDate "2015.07.10"]
[EventType "swiss"]
[EventRounds "6"]
[EventCountry "BRA"]
[SourceTitle "EXT 2016"]
[Source "ChessBase"]
[SourceDate "2015.10.08"]
[SourceVersion "1"]
[SourceVersionDate "2015.10.08"]
[SourceQuality "1"]

1. d4 Nf6 2. c4 c5 3. d5 e6 4. Nc3 exd5 5. cxd5 d6 6. e4 g6 7. a4 Bg7 8. Nge2 0-0 9. Ng3 Nbd7 10. Be2 Re8 11. 0-0 a6 12. Bg5 h6 13. Be3 Nh7 14. Qd2 h5 15. f3 h4 16. Nh1 f5 17. Nf2 Ne5 18. f4 Nf7 19. exf5 gxf5 20. Bf3 Bd7 21. Rfe1 b5 22. axb5 axb5 23. Rxa8 Qxa8 24. Nh3 b4 25. Nd1 Nf6 26. Bf2 Ne4 27. Bxe4 fxe4 28. Ng5 Nxg5 29. fxg5 h3 30. gxh3 Bxh3 31. g6 Re5 32. Qf4 Qxd5 33. Ne3 Qe6 34. Ra1 Qxg6+ 35. Bg3 Qg5 36. Nc4 Qxf4 37. Bxf4 Rf5 38. Bxd6 Bd4+ 39. Kh1 e3 0-1

[Event "American Continental 11th"]
[Site "Montevideo"]
[Date "2015.05.24"]
[Round "11"]
[White "Choma, Ernani Francisco"]
[Black "Izquierdo, Daniel"]
[Result "1/2-1/2"]
[WhiteElo "2361"]
[BlackElo "2190"]
[PlyCount "37"]
[EventDate "2015.05.15"]
[EventType "swiss"]
[EventRounds "11"]
[EventCountry "URU"]
[SourceTitle "CBM 167"]
[Source "ChessBase"]
[SourceDate "2015.07.13"]
[SourceVersion "1"]
[SourceVersionDate "2015.07.13"]
[SourceQuality "1"]

1. Nf3 d5 2. c4 c6 3. g3 Nf6 4. Bg2 Bf5 5. 0-0 e6 6. cxd5 exd5 7. d3 Bc5 8. Qc2 Nbd7 9. Nc3 h6 10. e4 dxe4 11. dxe4 Bh7 12. a3 0-0 13. b4 Bb6 14. Bf4 Re8 15. Rfe1 Qe7 16. Qb3 Ng4 17. Ra2 Nde5 18. Nxe5 Nxe5 19. Rd2 1/2-1/2

[Event "American Continental 11th"]
[Site "Montevideo"]
[Date "2015.05.19"]
[Round "6"]
[White "Madeira, Wagner Martins"]
[Black "Choma, Ernani Francisco"]
[Result "1/2-1/2"]
[WhiteElo "2179"]
[BlackElo "2361"]
[PlyCount "58"]
[EventDate "2015.05.15"]
[EventType "swiss"]
[EventRounds "11"]
[EventCountry "URU"]
[SourceTitle "CBM 167"]
[Source "ChessBase"]
[SourceDate "2015.07.13"]
[SourceVersion "1"]
[SourceVersionDate "2015.07.13"]
[SourceQuality "1"]

1. e4 c5 2. c3 Nf6 3. e5 Nd5 4. Bc4 Nb6 5. Bb3 d5 6. exd6 Qxd6 7. Nf3 Nc6 8. d4 cxd4 9. 0-0 Be6 10. Na3 dxc3 11. Nb5 Qxd1 12. Rxd1 Rc8 13. Bxe6 fxe6 14. Nxc3 h6 15. Ne4 g6 16. Nc5 Nd8 17. Nd3 Nd5 18. Nf4 Nxf4 19. Bxf4 Bg7 20. Be5 Bf6 21. Rd2 Nc6 22. Bf4 e5 23. Be3 Rc7 24. g4 g5 25. Rc1 Rd7 26. Rcd1 Rc7 27. Rc2 Rd7 28. Rcd2 Rc7 29. Rc2 Rd7 1/2-1/2

[Event "Parana-ch"]
[Site "Curitiba"]
[Date "2015.02.01"]
[Round "8"]
[White "Choma, Ernani Francisco"]
[Black "Martins, Carlos"]
[Result "1/2-1/2"]
[WhiteElo "2369"]
[BlackElo "2193"]
[PlyCount "63"]
[EventDate "2015.01.28"]
[EventType "swiss"]
[EventRounds "8"]
[EventCountry "BRA"]
[SourceTitle "CBM 164 Extra"]
[Source "ChessBase"]
[SourceDate "2015.03.02"]
[SourceVersion "1"]
[SourceVersionDate "2015.03.02"]
[SourceQuality "1"]

1. Nf3 d6 2. d4 f5 3. g3 Nf6 4. Bg2 g6 5. 0-0 Bg7 6. c4 0-0 7. Nc3 c6 8. b3 Na6 9. Qc2 h6 10. Bb2 Qe8 11. d5 c5 12. e4 Nb4 13. Qb1 fxe4 14. Nxe4 Bf5 15. Nh4 Nxe4 16. Bxg7 Nxg3 17. Nxf5 Rxf5 18. fxg3 Rxf1+ 19. Bxf1 Kxg7 20. Qb2+ Kh7 21. a3 Na6 22. Re1 Qf7 23. Qe2 Re8 24. Bh3 Nc7 25. Bd7 Rg8 26. Rf1 Qg7 27. Rf3 Qd4+ 28. Kg2 Rg7 29. h4 h5 30. Re3 Qf6 31. b4 cxb4 32. axb4 1/2-1/2

[Event "Campinas Universities op"]
[Site "Campinas "]
[Date "2011.11.06"]
[Round "5.1"]
[White "Martins, Vinicius Tine"]
[Black "Choma, Ernani Francisco"]
[Result "1-0"]
[WhiteElo "2308"]
[BlackElo "2368"]
[PlyCount "155"]
[EventDate "2011.11.04"]
[EventType "swiss"]
[EventRounds "7"]
[EventCountry "BRA"]
[SourceTitle "EXT 2014"]
[Source "ChessBase"]
[SourceDate "2013.11.20"]
[SourceVersion "1"]
[SourceVersionDate "2013.11.20"]
[SourceQuality "1"]

1. e4 c5 2. Nf3 Nc6 3. Bb5 e6 4. Bxc6 bxc6 5. d3 Ne7 6. Qe2 f6 7. Nh4 g6 8. f4 Bg7 9. 0-0 0-0 10. c4 d6 11. Nc3 h6 12. g4 f5 13. Kh1 Bf6 14. Ng2 Kh7 15. h3 Rb8 16. e5 dxe5 17. g5 Bh8 18. fxe5 Qd4 19. Bf4 Re8 20. Rae1 Rd8 21. Rf3 h5 22. Na4 Nd5 23. Bd2 Nb4 24. Bc3 Qd7 25. Nxc5 Qe7 26. a3 Na6 27. Nxa6 Bxa6 28. Nf4 c5 29. Kh2 Bg7 30. Rg3 Rb6 31. Rg2 Rdb8 32. Qc2 Qd7 33. Qf2 Bf8 34. Re2 Be7 35. Rd2 Qc8 36. Qe2 Kg7 37. Qe1 Qc6 38. Qh1 Qc8 39. Qd1 Qc6 40. Rg1 R6b7 41. Rf2 Rb6 42. Qf3 Qc8 43. Qe3 Qc6 44. b4 cxb4 45. axb4 Bxb4 46. Bxb4 Rxb4 47. Qxa7+ R4b7 48. Qe3 Rb1 49. Rxb1 Rxb1 50. Qf3 Qc8 51. Rf1 Rb2+ 52. Kg3 Bb7 53. Qe3 Kf7 54. Qd4 Ra2 55. Rf2 Rxf2 56. Kxf2 Qc6 57. Ke3 Qf3+ 58. Kd2 Bc6 59. Kc3 Qh1 60. Kb2 Qh2+ 61. Ka3 Qh1 62. Qa7+ Bb7 63. Kb2 Qh2+ 64. Kc3 Qh1 65. Kd2 Qh2+ 66. Ne2 Qg2 67. h4 f4 68. Qd4 f3 69. Qd7+ Kf8 70. Qd8+ Kf7 71. Qc7+ Ke8 72. Qb8+ Kd7 73. Qxb7+ Kd8 74. Qb8+ Kd7 75. Qd6+ Kc8 76. Qxe6+ Kd8 77. Qd5+ Kc7 78. Qe4 1-0

[Event "Campinas Universities op"]
[Site "Campinas "]
[Date "2011.11.05"]
[Round "2.1"]
[White "Choma, Ernani Francisco"]
[Black "Lopes, Adan Cerqueira"]
[Result "1-0"]
[WhiteElo "2368"]
[BlackElo "1953"]
[PlyCount "123"]
[EventDate "2011.11.04"]
[EventType "swiss"]
[EventRounds "7"]
[EventCountry "BRA"]
[SourceTitle "EXT 2014"]
[Source "ChessBase"]
[SourceDate "2013.11.20"]
[SourceVersion "1"]
[SourceVersionDate "2013.11.20"]
[SourceQuality "1"]

1. Nf3 Nf6 2. c4 g6 3. g3 Bg7 4. Bg2 0-0 5. 0-0 d6 6. d4 Nbd7 7. Nc3 e5 8. e4 a5 9. h3 exd4 10. Nxd4 Nc5 11. Re1 Re8 12. Qc2 Nfd7 13. Be3 Ne5 14. b3 Ned3 15. Red1 Nb4 16. Qd2 c6 17. Rab1 Qe7 18. a3 Nba6 19. b4 axb4 20. axb4 Nd7 21. b5 Nab8 22. f4 f5 23. bxc6 bxc6 24. Bf2 fxe4 25. Nxe4 Ra4 26. Nxc6 Nxc6 27. Qd5+ Qe6 28. Nxd6 Nf6 29. Nxe8 Nxd5 30. Bxd5 Rxc4 31. Bxe6+ Bxe6 32. Nxg7 Kxg7 33. Rbc1 Rxc1 34. Rxc1 Bd5 35. Rd1 Bf3 36. Rd7+ Kg8 37. Bd4 h5 38. Bc3 Be4 39. Kf2 Kf8 40. g4 Ke8 41. Rc7 Ne7 42. Be5 Kd8 43. Ra7 Nc6 44. Rg7 Ke8 45. Kg3 Ne7 46. Kh4 hxg4 47. hxg4 Kf8 48. Kg5 Bd3 49. Kf6 Nd5+ 50. Kg5 Ne7 51. Rh7 Nd5 52. Ra7 Nb6 53. Kf6 Ke8 54. Bd4 Nc8 55. Rg7 Kf8 56. Bc5+ Ke8 57. Rxg6 Bxg6 58. Kxg6 Kd7 59. f5 Kc6 60. f6 Kxc5 61. f7 Ne7+ 62. Kg7 1-0

[Event "Curitiba ITT 3rd"]
[Site "Curitiba"]
[Date "2011.10.17"]
[Round "6"]
[White "Blit, Jacques"]
[Black "Choma, Ernani Francisco"]
[Result "1/2-1/2"]
[WhiteElo "2299"]
[BlackElo "2350"]
[PlyCount "96"]
[EventDate "2011.10.13"]
[EventType "tourn"]
[EventRounds "9"]
[EventCountry "BRA"]
[EventCategory "1"]
[SourceTitle "EXT 2012"]
[Source "ChessBase"]
[SourceDate "2011.11.24"]
[SourceVersion "1"]
[SourceVersionDate "2011.11.24"]
[SourceQuality "1"]

1. e4 c5 2. Nf3 Nc6 3. d4 cxd4 4. Nxd4 Nf6 5. Nc3 e5 6. Ndb5 d6 7. Bg5 a6 8. Bxf6 gxf6 9. Na3 b5 10. Nd5 Bg7 11. c3 f5 12. exf5 Bxf5 13. Nc2 Be6 14. Nce3 Ne7 15. g3 Nxd5 16. Nxd5 0-0 17. Bg2 a5 18. a4 b4 19. c4 Rc8 20. b3 e4 21. Bxe4 Bxd5 22. Bxd5 Bxa1 23. Qxa1 Qe7+ 24. Kf1 Rc5 25. Qd1 Re8 26. Kg2 Qf6 27. h4 Re5 28. Qg4+ Qg6 29. Qd4 Qc2 30. Qg4+ Kf8 31. Qd7 Rcxd5 32. cxd5 Qe4+ 33. Kh2 Rxd5 34. Rc1 Qf5 35. Rc8+ Kg7 36. Qxf5 Rxf5 37. Kg2 Rd5 38. Ra8 Kf6 39. Kf3 Rd3+ 40. Ke4 Rxb3 41. Rxa5 Rb2 42. Rb5 Rxf2 43. Rxb4 Rg2 44. Kf3 Ra2 45. Kg4 Ra3 46. Kf4 h6 47. Kg4 Kg6 48. Rd4 Kg7 1/2-1/2

[Event "Curitiba 1st FEXPAR - CBX"]
[Site "Curitiba"]
[Date "2011.10.09"]
[Round "5.1"]
[White "Gonzalez, Bolivar Ribeiro"]
[Black "Choma, Ernani Francisco"]
[Result "0-1"]
[WhiteElo "2253"]
[BlackElo "2350"]
[PlyCount "74"]
[EventDate "2011.10.05"]
[EventType "tourn"]
[EventRounds "9"]
[EventCountry "BRA"]
[SourceTitle "EXT 2022"]
[Source "ChessBase"]
[SourceDate "2021.10.06"]
[SourceVersion "1"]
[SourceVersionDate "2021.10.06"]
[SourceQuality "1"]

1. e4 c5 2. Nf3 Nc6 3. Nc3 e6 4. d4 cxd4 5. Nxd4 Nf6 6. Nxc6 bxc6 7. e5 Nd5 8. Ne4 Qc7 9. f4 Qb6 10. c4 Bb4+ 11. Ke2 Ba6 12. Kf3 f5 13. exf6 Nxf6 14. c5 Qa5 15. Nd6+ Ke7 16. Bxa6 Qxa6 17. Be3 Rhd8 18. Qd4 Rab8 19. g4 Ba5 20. g5 Nh5 21. b3 Rb4 22. Nc4 Bc7 23. Kg4 g6 24. Bd2 Rbb8 25. Rhf1 Rf8 26. f5 exf5+ 27. Kh4 Rbe8 28. Rae1+ Kd8 29. Nd6 Re2 30. Rxe2 Qxe2 31. Rf2 Qd1 32. h3 Re8 33. Rf4 Qe2 34. Nf7+ Kc8 35. Nd6+ Bxd6 36. cxd6 Nxf4 37. Qxa7 Qh5+ 0-1

[Event "Maringa op"]
[Site "Maringa"]
[Date "2011.07.02"]
[Round "4"]
[White "Mareco, Sandro"]
[Black "Choma, Ernani Francisco"]
[Result "1/2-1/2"]
[WhiteElo "2591"]
[BlackElo "2340"]
[PlyCount "55"]
[EventDate "2011.06.30"]
[EventType "swiss"]
[EventRounds "7"]
[EventCountry "BRA"]
[SourceTitle "EXT 2014"]
[Source "ChessBase"]
[SourceDate "2013.11.20"]
[SourceVersion "1"]
[SourceVersionDate "2013.11.20"]
[SourceQuality "1"]

1. d4 Nf6 2. c4 c5 3. d5 b5 4. cxb5 a6 5. bxa6 d6 6. Nc3 Bxa6 7. Nf3 g6 8. g3 Bg7 9. Bg2 Nbd7 10. Rb1 Qa5 11. 0-0 0-0 12. Qc2 Rfb8 13. Rd1 Ne8 14. Bd2 Nc7 15. a4 Bb7 16. b3 Qb6 17. e4 Nf6 18. h3 e6 19. dxe6 Nxe6 20. Be3 Qb4 21. Nd2 Nd4 22. Bxd4 cxd4 23. Na2 Qa5 24. Nc4 Qc5 25. b4 Qc6 26. Rxd4 Qxa4 27. Qxa4 Rxa4 28. Nc3 1/2-1/2

[Event "Sao Paulo Braga op"]
[Site "Sao Paulo"]
[Date "2011.04.24"]
[Round "8"]
[White "Quintiliano Pinto, Renato Rodrigues"]
[Black "Choma, Ernani Francisco"]
[Result "1/2-1/2"]
[WhiteElo "2244"]
[BlackElo "2348"]
[PlyCount "120"]
[EventDate "2011.04.20"]
[EventType "swiss"]
[EventRounds "9"]
[EventCountry "BRA"]
[SourceTitle "EXT 2022"]
[Source "ChessBase"]
[SourceDate "2021.10.06"]
[SourceVersion "1"]
[SourceVersionDate "2021.10.06"]
[SourceQuality "1"]

1. d4 Nf6 2. c4 c5 3. d5 b5 4. cxb5 a6 5. bxa6 d6 6. Nc3 Bxa6 7. Nf3 g6 8. g3 Bg7 9. Rb1 Nbd7 10. Bg2 0-0 11. 0-0 Qa5 12. Bd2 Rfb8 13. b3 Ne8 14. Na4 Qb5 15. Re1 Nc7 16. e4 Qb7 17. Bc3 Bxc3 18. Nxc3 Qb4 19. Qd2 Nb5 20. Nxb5 Qxb5 21. e5 Qd3 22. Qf4 Rb4 23. Qg5 f6 24. exf6 exf6 25. Qh6 Ne5 26. Nxe5 fxe5 27. Rbd1 Qf5 28. f4 e4 29. Bh3 Qf6 30. Re3 Bd3 31. Bf1 Bxf1 32. Rxf1 Rxa2 33. Qh3 Qf5 34. Qh4 Qxd5 35. Qd8+ Kg7 36. Qe7+ Kg8 37. Qe8+ Kg7 38. Qe7+ Qf7 39. Qxd6 Rd4 40. Qe5+ Qf6 41. Rxe4 Qxe5 42. Rxe5 Rdd2 43. Rf3 Rg2+ 44. Kf1 Rxh2 45. Kg1 Rag2+ 46. Kf1 Rb2 47. Kg1 Rhc2 48. f5 Rb1+ 49. Rf1 Rxf1+ 50. Kxf1 Kf6 51. fxg6 hxg6 52. Rd5 g5 53. g4 c4 54. bxc4 Rxc4 55. Kf2 Rxg4 56. Kf3 Ra4 57. Kg3 Kg6 58. Rd8 Kf6 59. Rf8+ Kg7 60. Rb8 Kf7 1/2-1/2